| 000 | 01336cam a2200205 4500 | ||
|---|---|---|---|
| 001 | WB3925-02 | ||
| 008 | 030701n2003 000 0 eng u | ||
| 035 | _a(Sirsi) u122821 | ||
| 245 | _aSustainability with profit | ||
| 260 | _c2003 | ||
| 490 |
_aRICS Quantity Surveying and Construction Faculty News _v25 June 2003 (1) |
||
| 520 | _aThe protection of the environment and the pursuit of sustainable development are amongst the greatest challenges facing construction clients and knowing enough to ask professional advisors and project teams the right questions is becoming increasingly important. To address these issues the Construction Industry Council (CIC) has published two new client guides in their sustainable development series, βConstructing for sustainability: a guide for clients and their professional advisorsγ and βBrownfields - building on previously developed landγ. Further information available at www.cic.org.uk/information/Publications/sustain.htm. Both guides are available from RICS Books*. www.rics.org/ricscms/bin/show?class=News&template=/includes/shownews.html&id=6219 | ||
| 590 | _aWB | ||
| 650 | _aSUSTAINABLE DEVELOPMENT | ||
| 650 | _aCLIENT NEEDS | ||
| 650 | _aBROWNFIELD DEVELOPMENT | ||
| 650 | _aSUSTAINABLE CONSTRUCTION | ||
| 690 | _aBUILDING AND CONSTRUCTION-SUSTAINABLE | ||
| 942 | _n0 | ||
| 999 |
_c72956 _d72956 |
||